Największe rzeki Azji - Statystyki

Ogólne statystyki
  • Ten quiz został rozwiązany 70 razy
  • Średni wynik to 10 z 14
Statystyki odpowiedzi
Hint Odpowiedź % Poprawnych
8. Jangcy
91%
5. Huang He
86%
11. Lena
84%
13. Ob
84%
4. Ganges
82%
12. Mekong
77%
3. Eufrat
71%
6. Indus
71%
14. Tygrys
71%
1. Amur
64%
9. Jenisej
63%
7. Irtysz
52%
2. Brahmaputra
48%
10. Kołyma
30%
Nie znaleziono quizów pasujących do podanych kryteriów
Rozkład punktacji
Procent ludzi z każdym wynikiem
Percentyl według liczby udzielonych odpowiedzi
Twoja historia wyników
Nie rozwiązałeś tego quizu